| 000 | 00520nam a2200169 i 4500 | ||
|---|---|---|---|
| 001 | 99779 | ||
| 003 | ES-MaACL | ||
| 005 | 20230906182544.0 | ||
| 007 | t| | ||
| 008 | 050915s1967 sp ||||1| spa d | ||
| 100 | 1 |
_aMartínez Cortiña, Rafael. _977955 |
|
| 245 | 1 | 3 |
_aLa exportación española ante el Mercado Común / _cRafael Martínez Cortiña. |
| 260 |
_aMadrid : _bMoneda y Crédito, _c1967. |
||
| 300 |
_a175 p.(1), gráf. pleg. 1-18 ; _c25 cm. |
||
| 500 | _a(1) 6 pleg. | ||
| 852 |
_aES-MaACL _jC-33134 _bR.63386 |
||
| 999 |
_c99779 _d99779 |
||